|
|
|
|
| LEADER |
00602nam a2200169Ia 4500 |
| 001 |
141383 |
| 008 |
170722s9999 xx 000 0 und d |
| 020 |
|
|
|a 8187418974
|
| 100 |
|
|
|a Joshi, H. M.
|
| 245 |
|
|
|a Study in comparative metaphysics
|b F H Bradely and Sri Aurobindo /
|
| 260 |
|
|
|a Delhi :
|b New Bharatiya Book Corporation ,
|c 2004.
|
| 300 |
|
|
|a 338 p.
|
| 653 |
|
|
|a Metaphysics
|
| 923 |
|
|
|d 20050329
|n 2794
|
| 942 |
|
|
|c GEN
|
| 999 |
|
|
|c 130881
|d 130881
|
| 952 |
|
|
|0 0
|1 0
|4 0
|6 R_3XM460MM72_P4
|7 0
|9 185010
|a LIB
|b LIB
|d 2013-03-25
|e Ajith Book Stall
|l 1
|o R3xM460mM72 P4
|p 258135
|r 2019-12-22
|s 2019-10-19
|v 600.00
|w 2017-08-12
|y GEN
|